000 01155cam a2200349 i 4500
001 17765326
003 EG-ScBUE
005 20230315095931.0
008 130605t2012 xx a f 001 0 eng d
020 _a9781430247166
040 _aDLC
_beng
_erda
_cDLC
_dDLC
_dEG-ScBUE
082 0 4 _222
_a794.81
_bVAN
100 1 _aVan der Spuy, Rex,
_eauthor.
245 1 0 _aFoundation game design with HTML5 and JavaScript /
_cRex van der Spuy.
264 1 _a[S. l.] :
_bFriends of ED,
_c[2012]
264 4 _cc2012
300 _axxvi, 732 pages :
_billustrations ;
_c24 cm
336 _2rdacontent
_atext
_btxt
337 _2rdamedia
_aunmediated
_bn
338 _2rdacarrier
_avolume
_bnc
500 _aIncludes index.
546 _aText in English ; summary in English.
650 7 _aComputer games
_xProgramming.
_2BUEsh
_912480
650 7 _aGames
_xDesign and construction.
_2BUEsh
650 7 _aVideo games
_xDesign
_2BUEsh
_922645
650 7 _aHTML (Document markup language)
_2BUEsh
_929620
650 7 _aJava (Computer program language)
_2BUEsh
_93407
651 _2BUEsh
653 _bCOMSCI
_cNovember2016
655 _vReading book
942 _2ddc
_cBB
999 _c23282
_d23254